| 000 | 00616nam a2200157Ia 4500 | ||
|---|---|---|---|
| 003 | 0 | ||
| 005 | 20250210111926.0 | ||
| 008 | 140724s9999 xx 000 0 und d | ||
| 050 |
_aRT 41 _b.Az997 2010 |
||
| 100 | _aAzucena, Maria Paola B. | ||
| 245 | 4 |
_aThe effects of the care phrase therapy on the level of anxiety of medical and surgical patients at Las Piñas Doctors Hospital and Medical Center Muntinlupa / _cMaria Paola B. Azucena. |
|
| 260 |
_aLas Piñas, Philippines : _bSouthville International School and Colleges, _cc2010 |
||
| 300 |
_a45 p. : _bcol. ill. ; _c28 cm. |
||
| 942 |
_cTH _2lcc |
||
| 999 |
_c228680 _d228680 |
||